<?xml version="1.0" encoding="UTF-8"?>
<collection xmlns="http://www.loc.gov/MARC21/slim">
 <record>
  <leader>00915ngm a22002415g 4500</leader>
  <controlfield tag="001">CEM.cems022863</controlfield>
  <controlfield tag="008">130507b2008##################0###0#####d</controlfield>
  <controlfield tag="005">20241125145825.0</controlfield>
  <datafield tag="245" ind1="0" ind2="0">
   <subfield code="a">Las organizaciones armadas.</subfield>
  </datafield>
  <datafield tag="300" ind1=" " ind2=" ">
   <subfield code="a">30'.</subfield>
  </datafield>
  <datafield tag="500" ind1=" " ind2=" ">
   <subfield code="a">En soporte VHS, consultar en ventanilla.</subfield>
  </datafield>
  <datafield tag="538" ind1=" " ind2=" ">
   <subfield code="a">Soporte: VHS - Norma: Pal N - Color: Si - Grabación DRD 2008 - Hitachi=4390.</subfield>
  </datafield>
  <datafield tag="505" ind1="0" ind2=" ">
   <subfield code="a">La doctrina de la seguridad nacional. La respuesta de las organizaciones armadas. Taco Ralo. La guerrilla urbana. Las FAL, FAP y FAR. Montoneros y secuestro de Aramburu. El ERP. Masacre de Trelew. La triple A.</subfield>
  </datafield>
  <datafield tag="082" ind1="9" ind2="8">
   <subfield code="/">TES</subfield>
  </datafield>
  <datafield tag="653" ind1=" " ind2=" ">
   <subfield code="a">HISTORIA ARGENTINA</subfield>
  </datafield>
  <datafield tag="653" ind1=" " ind2=" ">
   <subfield code="a">POLITICA ARGENTINA</subfield>
  </datafield>
  <datafield tag="653" ind1=" " ind2=" ">
   <subfield code="a">SEGURIDAD NACIONAL</subfield>
  </datafield>
  <datafield tag="653" ind1=" " ind2=" ">
   <subfield code="a">GUERRILLAS</subfield>
  </datafield>
  <datafield tag="653" ind1=" " ind2=" ">
   <subfield code="a">TRELEW</subfield>
  </datafield>
  <datafield tag="653" ind1=" " ind2=" ">
   <subfield code="a">TRIPLE A</subfield>
  </datafield>
  <datafield tag="653" ind1=" " ind2=" ">
   <subfield code="a">MONTONEROS</subfield>
  </datafield>
  <datafield tag="653" ind1=" " ind2=" ">
   <subfield code="a">ERP</subfield>
  </datafield>
  <datafield tag="859" ind1=" " ind2=" ">
   <subfield code="a">CEMS</subfield>
   <subfield code="b">BIB. CEMS - Depto. Recursos Didacticos</subfield>
   <subfield code="h">982</subfield>
   <subfield code="i">TES</subfield>
   <subfield code="k">DRD</subfield>
   <subfield code="p">1506.12</subfield>
   <subfield code="t">Ej.1</subfield>
  </datafield>
 </record>
</collection>
